Score 0/7 Timer 03:00
0 Plays Today
Question Answer Wrong Answers
This actor, born Ramón Estévez, is married to Janet Templeton.
1961
Martin Sheen
88.9%
Donald Sutherland
3.2%
Alan Arkin
2.8%
Gene Hackman
3.7%
This famous domed building in Constantinople (now Istanbul) is reopened after repairs following earthquakes damage.
562
Hagia Sophia
80.4%
Sagrada Família
2.5%
Hassan II Mosque
11.1%
Karnak Temple
6%
The North Tower of this New York building is topped out at 1,368 feet, making it the tallest building in the world at the time.
1970
World Trade Center
78.2%
Empire State Building
15.7%
Chrysler Building
3.4%
30 Rockefeller Plaza
0.9%
As Good as It Gets, starring Jack Nicholson and this actress, is released.
1997
Helen Hunt
72.1%
Meg Ryan
6.6%
Sharon Stone
4.1%
Meryl Streep
14.8%
As many as 11,000 people are killed in an earthquake near this city, Nicaragua's capital.
1972
Managua
71.4%
San José
8.6%
León
4%
Tegucigalpa
13.9%
This general of the Imperial Japanese Army and 27th Prime Minister of Japan dies while imprisoned for war crimes.
1948
Hideki Tōjō
69.4%
Seiko Fujita
6.1%
Nobuyuki Abe
5.4%
Hitoshi Ashida
18%
Royalist counter-revolutionaries are decisively defeated in the Battle of Savenay during this war.
1793
French Revolutionary War
66.2%
Russo-Persian War
10.2%
War of the Spanish Succession
10.3%
Thirty Years' War
12.6%
Remove Ads.
Support Sporcle.
Get the best of Sporcle when you Go Orange. This ad-free experience offers more features, more stats, and more fun while also helping to support Sporcle. Thank you for becoming a member.

You're not logged in!

Compare scores with friends on all Sporcle quizzes.
OR
Log In

Show Comments

Extras

Top Quizzes Today


Score Distribution

Your Account Isn't Verified!

In order to create a playlist on Sporcle, you need to verify the email address you used during registration. Go to your Sporcle Settings to finish the process.

Report this User

Report this user for behavior that violates our Community Guidelines.

Details: